[Event "GRE-chT Online Rapid op 1st"]
[Site "Tornelo INT"]
[Date "2021.02.21"]
[Round "5.20"]
[White "Stoimenidis, Markos"]
[Black "Lafkidis, Apostolos"]
[Result "0-1"]
[WhiteElo "1140"]
[BlackElo "1483"]
[PlyCount "68"]
[EventDate "2021.02.20"]
[EventType "team-swiss (rapid)"]
[EventRounds "9"]
[EventCountry "GRE"]
[SourceTitle "EXT 2023"]
[Source "ChessBase"]
[SourceDate "2022.10.05"]
[SourceVersion "1"]
[SourceVersionDate "2022.10.05"]
[SourceQuality "1"]

1. e4 c5 2. Nf3 d6 3. d4 cxd4 4. Nxd4 Nf6 5. Nc3 g6 6. h3 Bg7 7. Be3 0-0 8. Bd3 Nc6 9. Nxc6 bxc6 10. 0-0 Bb7 11. a4 a5 12. f4 d5 13. e5 Nd7 14. Qg4 e6 15. Rf3 d4 16. Ne4 dxe3 17. Rxe3 Qe7 18. Nd6 Nc5 19. Be2 Rad8 20. Rd1 Ba6 21. Bf3 Nb7 22. c4 Nxd6 23. exd6 Rxd6 24. Rde1 Bd4 25. f5 Bxe3+ 26. Rxe3 exf5 27. Qf4 Qd7 28. Kh2 Re6 29. Rb3 Qd6 30. Qxd6 Rxd6 31. Rb6 Bxc4 32. b3 Bd5 33. Bxd5 Rxd5 34. Rxc6 Rb8 0-1

[Event "GRE-chT Online Rapid op 1st"]
[Site "Tornelo INT"]
[Date "2021.02.20"]
[Round "2.6"]
[White "Kadianis, Georgios"]
[Black "Lafkidis, Apostolos"]
[Result "1-0"]
[WhiteElo "2061"]
[BlackElo "1483"]
[PlyCount "45"]
[EventDate "2021.02.20"]
[EventType "team-swiss (rapid)"]
[EventRounds "9"]
[EventCountry "GRE"]
[SourceTitle "EXT 2023"]
[Source "ChessBase"]
[SourceDate "2022.10.05"]
[SourceVersion "1"]
[SourceVersionDate "2022.10.05"]
[SourceQuality "1"]

1. e4 c5 2. Nf3 d6 3. d4 cxd4 4. Nxd4 Nf6 5. Nc3 g6 6. f3 Bg7 7. Be3 0-0 8. Bc4 Nc6 9. Qd2 Bd7 10. 0-0-0 Rb8 11. Bb3 Na5 12. Bh6 b5 13. h4 Nc4 14. Qg5 Qb6 15. h5 Nxe4 16. fxe4 Bxd4 17. Nd5 Bxb2+ 18. Kb1 Qa5 19. Nxe7+ Kh8 20. hxg6 fxg6 21. Qxg6 hxg6 22. Bxf8+ Bh3 23. Rxh3# 1-0